Normal view
MARC view
- POWER ELECTRONICS, ELECTRONIC CONTROL
Entry Topical Term
001 - CONTROL NUMBER
- control field: 69141
003 - CONTROL NUMBER IDENTIFIER
- control field: NUST
005 - DATE AND TIME OF LATEST TRANSACTION
- control field: 20210628204158.0
008 - FIXED-LENGTH DATA ELEMENTS
- fixed length control field: 210628|| aca||aabn | a|a d
040 ## - CATALOGING SOURCE
- Original cataloging agency: NUST
- Transcribing agency: NUST
150 ## - HEADING--TOPICAL TERM
- Topical term or geographic name entry element: POWER ELECTRONICS, ELECTRONIC CONTROL
670 ## - SOURCE DATA FOUND
- Source citation: Work cat.: (NUST): Shepherd, W, Hulley, L.N, Liang, D.T.W 69140, Power electronis and motor control, 1998
